Western cuisine / (Record no. 422)

MARC details
000 -LEADER
fixed length control field 00796nam a22002177a 4500
005 - DATE AND TIME OF LATEST TRANSACTION
control field 20251216015949.0
008 - FIXED-LENGTH DATA ELEMENTS--GENERAL INFORMATION
fixed length control field 221222b |||||||| |||| 00| 0 eng d
020 ## - INTERNATIONAL STANDARD BOOK NUMBER
International Standard Book Number 978-971-9905-81-3
082 ## - DEWEY DECIMAL CLASSIFICATION NUMBER
Classification number Fil. 641.594 C277 2014
100 ## - MAIN ENTRY--PERSONAL NAME
Personal name Cariño, Celia E.
Relator term author
9 (RLIN) 7
245 ## - TITLE STATEMENT
Title Western cuisine /
Statement of responsibility, etc. Celia E. Cariño, Enrique R. Luces, Reynaldo H. Cavandang Jr.
260 ## - PUBLICATION, DISTRIBUTION, ETC.
Place of publication, distribution, etc. Manila:
Name of publisher, distributor, etc. Mindshapers,
Date of publication, distribution, etc. c2014.
300 ## - PHYSICAL DESCRIPTION
Extent x, 374p.;
Other physical details ill.
504 ## - BIBLIOGRAPHY, ETC. NOTE
Bibliography, etc. note Includes bibliographical references
505 ## - FORMATTED CONTENTS NOTE
Formatted contents note Cover tittle: Western cuisine: French, Italian, Spanish, German, Greek, Russian, Swiss, Australian
541 ## - IMMEDIATE SOURCE OF ACQUISITION NOTE
Accession number 4241 c.1, 4383 c.2
650 ## - SUBJECT ADDED ENTRY--TOPICAL TERM
Topical term or geographic name entry element Cooking
9 (RLIN) 8
650 ## - SUBJECT ADDED ENTRY--TOPICAL TERM
Topical term or geographic name entry element Western cooking
9 (RLIN) 9
700 ## - ADDED ENTRY--PERSONAL NAME
Personal name Luces, Enrique R.
Relator term author
9 (RLIN) 10
700 ## - ADDED ENTRY--PERSONAL NAME
Personal name Cavandang, Reynaldo H.
Relator term author
9 (RLIN) 11
Holdings
Withdrawn status Lost status Source of classification or shelving scheme Damaged status Not for loan Home library Current library Date acquired Total Checkouts Full call number Barcode Date last seen Copy number Price effective from Koha item type
    Dewey Decimal Classification     ctu-moalboal ctu-moalboal 11/01/2015   Fil. 641.594 C277 2014 4241 12/22/2022 1 12/22/2022 Books-Filipiniana
    Dewey Decimal Classification     ctu-moalboal ctu-moalboal 02/17/2016   Fil. 641.594 C277 2014 4383 12/22/2022 2 12/22/2022 Books-Filipiniana